LEADER 01725nam a2200349 u 4500 001 000000024682 003 CaOOAMICUS 005 20070226111359.0 008 920113s1950 vc af u000 u ita u 035 $a10628205 040 $aPica$bdut$dPUL(R) 041 1 $aita$aeng 110 2 $aBiblioteca apostolica vaticana.$kMss.$0(OLS)http://pul/name/4844 245 10$aMiniature del Rinascimento :$bcatalogo della mostra /$cBiblioteca apostolica vaticana. 260 $aCittà del Vaticano :$bBiblioteca Vaticana,$c1950. 300 $a90 p., [31] p. di tav. :$bill. ;$c24 cm 500 $aIn testa al front.: Quinto centenario della Biblioteca Vaticana. 500 $aInclude indice. 650 4$aMiniature$xEsposizioni.$0(OLS)http://pul/subject/14810 650 4$aArte rinascimentale.$0(OLS)http://pul/subject/14811 740 0 $aMostra di miniature del Rinascimento. 850 $aPUL 852 $aPUL$W1$xDP1 Fondo Maccarrone$y58$m1526 G 5$j34540$nBK-PRI$b $qFondi$B34540$CPULBib$Z2$F34540 $H $81 852 $aPUL$W1$xDP1 Cons. Gen., Altre Classi 1$y22$m923 A 9$j34541$nBK-PRI$b $qStampati$B34541$CPULBib$Z2$F34541 $H $81 852 $aPUL$W1$xDP1 Fondo Cecchetti$y53$m282 B 5$j34542$nBK-PRI$b $qFondi$B34542$CPULBib$Z2$F34542 $HPUL4898 $81 941 1 $a8 941 1 $a1 961 $aINV: F.Maccarrone 961 $aINV: 14688 996 $6245$aMiniature del Rinascimento :$bcatalogo della mostra$9(OLS)http://pul/title/34100 996 $6740$aMostra di miniature del Rinascimento$9(OLS)http://pul/title/34101 996 $6260$aCittà del Vaticano :$bBiblioteca Vaticana$9(OLS)http://pul/publisher/52803 LEADER 01447nam a2200349 u 4500 001 000000048361 003 CaOOAMICUS 005 20070226115005.0 008 000428s1999 fr u000 u fre u 020 $a2-7116-1416-6 035 $a10846429 040 $aEFR$bita$dBAV$dBAV 041 1 $afre$alat 245 03$aLa condamnation parisienne de 1277 : /$cnouvelle édition du texte latin, traduction, introduction et commentaire par David Piché ; avec la collaboration de Claude Lafleur. 260 $aParis :$bVrin,$c1999. 300 $a351 p. ;$c22 cm 490 1 $aSic et non, 500 $aIndex: p. [337]-351. 504 $a"Bibliographie": p. [321]-335. 650 4$aFilosofia medievale.$0(OLS)http://pul/subject/139 650 4$aCensura$zFrancia$yEvo medio.$0(OLS)http://pul/subject/20403 700 1 $aLafleur, Claude.$0(OLS)http://pul/name/35111 700 1 $aPiché, David.$0(OLS)http://pul/name/35110 830 0$aSic et non,$x1248-7279.$0(OLS)http://pul/title/8006 850 $aPUL 852 $aPUL$W1$xSL Filosofia 1$y2$m86 O 4$j64459$nBK-PRI$b $qStampati$B64459$CPULBib$Z2$F64459 $H $81 941 1 $a8 960 $aFilosofia medioevale$9139 961 $aINV: 89381 996 $6020$a2-7116-1416-6$9(OLS)http://pul/number/60762 996 $6245$aLa condamnation parisienne de 1277 :$9(OLS)http://pul/title/65122 996 $6260$aParis :$bVrin$9(OLS)http://pul/publisher/50780